| 000 | 00491nam a2200157Ia 4500 | ||
|---|---|---|---|
| 003 | GCL | ||
| 005 | 20240530105307.0 | ||
| 008 | 140319s9999 xx 000 0 ara d | ||
| 040 |
_aGCL / _cGCL |
||
| 082 | 0 | 4 |
_a956.9 _bف |
| 245 | 1 | 0 | _aالدولة الفلسطينية : وجهات نظر اسرائيلية وعربية |
| 260 |
_a[S.N] : _bمؤسسة الدراسات الفلسطينية ، _c1990 |
||
| 300 | _a337 ص | ||
| 650 | 0 | 4 | _aالقضية الفلسطينية |
| 942 |
_2ddc _cBK |
||
| 999 |
_c54677 _d54677 |
||